Solar energy fundamentals and modeling techniques : atmosphere, environment, climate change, and renewable energy
Αποθηκεύτηκε σε:
| Κύριος συγγραφέας: | |
|---|---|
| Μορφή: | Βιβλίο |
| Γλώσσα: | English |
| Δημοσίευση: |
London :
Springer,
c2008
|
| Θέματα: | |
| Ετικέτες: |
Προσθήκη ετικέτας
Δεν υπάρχουν, Καταχωρήστε ετικέτα πρώτοι!
|
MARC
| LEADER | 00000nam a2200000 i 4500 | ||
|---|---|---|---|
| 001 | 1/102941 | ||
| 008 | 090318s eng d | ||
| 020 | |a 1848001339 | ||
| 035 | |l 10103857 | ||
| 040 | |a GR-MY-UA |b gre |e aacr | ||
| 041 | 0 | |a eng | |
| 082 | 0 | |a 621.47 |2 (22) | |
| 100 | 1 | |a Sen, Zekai. | |
| 245 | 1 | 0 | |a Solar energy fundamentals and modeling techniques : |b atmosphere, environment, climate change, and renewable energy / |c Zekai Sen |
| 260 | |a London : |b Springer, |c c2008 | ||
| 300 | |a xii, 276 σ.; |b πίν., σχ.; |c 24 εκ. | ||
| 504 | |a Περιλαμβάνει βιβλιογραφικές παραπομπές και ευρετήριο | ||
| 650 | 0 | 0 | |a Solar energy. |
| 852 | |a INST |b CHIOS |e 20090318 |h 621.47 SEN |p 005200030523 |q 005200030523 |t BK |y 0 | ||
| 901 | |a BIBL2-2009-1 | ||
| 909 | |a Χ |b 157663 | ||
| 922 | |a 2ΕΛΗ |b 200812 |c ΕΠΕΑΕΚ2/ΤΝΕΥ |d Ι. ΜΙΧΑΛΟΠΟΥΛΟΣ | ||
| 970 | |a ΒΑΣΙΛΑΚΗ |b ΝΙΚΗ |z 2009/03/18 | ||